000 00761nam a22001817a 4500
005 20240104150006.0
010 _aHIN-126646
020 _a9789382908364
_c350.00
035 _aHN-98992
037 _bDBAD/PUB
082 _a
100 _aमुंशी प्रेमचन्द
_960648
245 _aपंच परमेश्वर एवं अन्य कहानियां/
_cमुंशी प्रेमचन्द
260 _aजयपुर
_bपुलकित प्रकाशन
_c2021
270 _aबाणवालो का दरवाजा चौड़ा रास्ता
_bजयपुर
300 _a251पृ.;
_c22 से.मी(सजिल्द)
942 _2ddc
_cHN
_h
_mमुंशीप्रे
999 _c149651
_d149651